| 000 | 00946nam a22002537a 4500 | ||
|---|---|---|---|
| 999 |
_c15700 _d15700 |
||
| 003 | MIRAKIL | ||
| 005 | 20240321113214.0 | ||
| 008 | 240321b tu ||||| |||| 00| 0 tur d | ||
| 020 | _a9789751632661 | ||
| 040 |
_aTR-AnCHP _cTR-AnCHP |
||
| 041 | _atur | ||
| 082 |
_a891.55 _bS22 2017 |
||
| 100 | _aSa'di Müşerref ed-din Ebu Abd-Allah Şirazi, | ||
| 245 | 1 | 0 |
_aSadi Gülistan tercümesi [Şiraz 1257] / _cSa'di-i Şirazi ; hazırlayan: Oğuz Ergene ; çeviren: Sibicabi |
| 260 |
_aAnkara : _bTürk Dil Kurumu Yayınları, _c2017. |
||
| 300 |
_a876, 116 s. ; _c24 cm. |
||
| 490 | 0 |
_aAtatürk Kültür, Dil ve Tarih yüksek Kurumu Türk Dil Kurumu Yayınları ; _v1211. |
|
| 500 | _aEser, tıpkıbasım içerir | ||
| 500 | _aDizin vardır | ||
| 504 | _aKaynakça: 863-875. ss. | ||
| 650 | 0 |
_97787 _aİran edebiyatı |
|
| 856 | _zDijital Nüshası için Partimizin Kütüphane Sorumlusu ile iletişime geçiniz. | ||
| 942 |
_2ddc _cBKS |
||